<?xml version="1.0" encoding="UTF-8"?>
<record
    xmlns:xsi="http://www.w3.org/2001/XMLSchema-instance"
    xsi:schemaLocation="http://www.loc.gov/MARC21/slim http://www.loc.gov/standards/marcxml/schema/MARC21slim.xsd"
    xmlns="http://www.loc.gov/MARC21/slim">

  <leader>01855nam a22002297a 4500</leader>
  <controlfield tag="003">OSt</controlfield>
  <controlfield tag="005">20250825094408.0</controlfield>
  <controlfield tag="008">250825b        es     |||||| 00| f spa d</controlfield>
  <datafield tag="020" ind1=" " ind2=" ">
    <subfield code="a">978-84-204-2393-7</subfield>
  </datafield>
  <datafield tag="040" ind1=" " ind2=" ">
    <subfield code="c">Besoc</subfield>
  </datafield>
  <datafield tag="080" ind1=" " ind2=" ">
    <subfield code="0">82-31(83)</subfield>
  </datafield>
  <datafield tag="100" ind1="1" ind2=" ">
    <subfield code="a">Bola&#xF1;o, Roberto, </subfield>
    <subfield code="d">1953-2003.</subfield>
    <subfield code="e">autor</subfield>
  </datafield>
  <datafield tag="245" ind1="1" ind2="4">
    <subfield code="a">Los detectives salvajes /</subfield>
    <subfield code="c">Roberto Bola&#xF1;o.</subfield>
  </datafield>
  <datafield tag="250" ind1=" " ind2=" ">
    <subfield code="a">1a ed.</subfield>
  </datafield>
  <datafield tag="260" ind1=" " ind2=" ">
    <subfield code="a">Barcelona :</subfield>
    <subfield code="b">Alfaguara,</subfield>
    <subfield code="c">2016.</subfield>
  </datafield>
  <datafield tag="300" ind1=" " ind2=" ">
    <subfield code="a">785 p. ;</subfield>
    <subfield code="c">24 cm. </subfield>
  </datafield>
  <datafield tag="490" ind1="0" ind2=" ">
    <subfield code="a">Narrativa Hisp&#xE1;nica</subfield>
  </datafield>
  <datafield tag="520" ind1="3" ind2=" ">
    <subfield code="a">Todo lo que comienza como comedia indefectiblemente acaba como misterio. Dos j&#xF3;venes poetas latinoamericanos, Arturo Belano y Ulises Lima, emprenden una aventura que transcurrir&#xE1; durante varias d&#xE9;cadas y cruzar&#xE1; distintos pa&#xED;ses. S&#xED;mbolo de la rebeld&#xED;a y la necesidad de ruptura con la realidad establecida, sus vidas representan los anhelos de toda una generaci&#xF3;n. La b&#xFA;squeda en 1975 de la misteriosa escritora mexicana Ces&#xE1;rea Tinajero, desaparecida y olvidada en los a&#xF1;os posteriores a la revoluci&#xF3;n, sirve de inicio a un viaje sin descanso marcado por el amor, la muerte, el deseo de libertad, el humor y la literatura. En esta novela est&#xE1; esbozado, como si de un juego de cajas chinas se tratara, todo el deslumbrante universo literario y personal de Roberto Bola&#xF1;o. Entre la narrativa detectivesca, la novela &#xAB;de carretera&#xBB;, el relato biogr&#xE1;fico y la cr&#xF3;nica, Los detectives salvajes est&#xE1; considerada por la cr&#xED;tica y el p&#xFA;blico de todo el mundo como una de las mejores y m&#xE1;s originales ficciones escritas en las &#xFA;ltimas d&#xE9;cadas. Ganadora de los premios Herralde y R&#xF3;mulo Gallegos, en ella est&#xE1; esbozado, como si de un juego de cajas chinas se tratara, todo el deslumbrante universo literario y personal de Roberto Bola&#xF1;o.</subfield>
  </datafield>
  <datafield tag="650" ind1=" " ind2="4">
    <subfield code="a">Literatura chilena</subfield>
    <subfield code="y">Siglo XX</subfield>
  </datafield>
  <datafield tag="655" ind1=" " ind2="4">
    <subfield code="a">Novela</subfield>
  </datafield>
  <datafield tag="942" ind1=" " ind2=" ">
    <subfield code="2">udc</subfield>
    <subfield code="c">LPD</subfield>
    <subfield code="n">0</subfield>
  </datafield>
  <datafield tag="999" ind1=" " ind2=" ">
    <subfield code="c">558</subfield>
    <subfield code="d">558</subfield>
  </datafield>
  <datafield tag="952" ind1=" " ind2=" ">
    <subfield code="0">0</subfield>
    <subfield code="1">0</subfield>
    <subfield code="2">udc</subfield>
    <subfield code="4">0</subfield>
    <subfield code="7">0</subfield>
    <subfield code="8">CG</subfield>
    <subfield code="a">ESOCIALES</subfield>
    <subfield code="b">ESOCIALES</subfield>
    <subfield code="d">2025-08-25</subfield>
    <subfield code="e">Donaci&#xF3;n Lila Peir&#xF3;</subfield>
    <subfield code="l">0</subfield>
    <subfield code="o">82-31(83) B687</subfield>
    <subfield code="p">000446</subfield>
    <subfield code="r">2025-08-25 09:45:00</subfield>
    <subfield code="w">2025-08-25</subfield>
    <subfield code="y">LPD</subfield>
  </datafield>
</record>
